[Event "Russian Championship G13 1st league 2016"]
[Site "Loo"]
[Date "2016.04.20"]
[Round "1.23"]
[White "Arefieva, Olga"]
[Black "Tumashevich, Elizaveta"]
[Result "0-1"]
[WhiteElo "1492"]
[BlackElo "1305"]
[PlyCount "70"]
[EventDate "2016.04.20"]

1. e4 c5 2. Nf3 d6 3. d4 cxd4 4. Nxd4 Nf6 5. Nc3 g6 6. Be3 Bg7 7. f3 O-O 8. Qd2
Nc6 9. O-O-O Bd7 10. Bc4 Rc8 11. Bb3 Ne5 12. Kb1 Re8 13. h4 h5 14. Bh6 Nc4 15.
Bxc4 Rxc4 16. Bxg7 Kxg7 17. Rhg1 Qb6 18. a3 Rec8 19. Nde2 a5 20. Nd5 Nxd5 21.
exd5 Rxc2 22. Qd4+ Qxd4 23. Nxd4 R2c5 24. Nb3 Bf5+ 25. Ka2 Rb5 26. Rd2 Rc2 27.
Rgd1 Rc4 28. Re1 e6 29. dxe6 Bxe6 30. Rxd6 Rxh4 31. Re3 a4 32. Rexe6 axb3+ 33.
Kb1 Rh1+ 34. Re1 Rxe1+ 35. Rd1 Rxd1# 0-1

[Event "Russian Championship G13 1st league 2016"]
[Site "Loo"]
[Date "2016.04.20"]
[Round "1.24"]
[White "Lashkova, Ekaterina"]
[Black "Surkova, Ekaterina"]
[Result "1/2-1/2"]
[WhiteElo "1302"]
[BlackElo "1482"]
[PlyCount "99"]
[EventDate "2016.04.20"]

1. e4 d5 2. exd5 Qxd5 3. Nc3 Qa5 4. Nf3 Nf6 5. d4 c6 6. Bd2 Qc7 7. h3 Bf5 8.
Bc4 e6 9. Bb3 Nbd7 10. Qe2 Bd6 11. g4 Bg6 12. Ng5 O-O-O 13. O-O-O h6 14. Nge4
Nxe4 15. Nxe4 Bf4 16. Qf3 Bxe4 17. Qxe4 Bxd2+ 18. Rxd2 Nf6 19. Qe2 Qf4 20. Qe3
Qxe3 21. fxe3 Ne4 22. Rg2 c5 23. c3 cxd4 24. exd4 Kb8 25. Rf1 Rhf8 26. Rf4 Nd6
27. Rgf2 Rd7 28. Bxe6 Re7 29. Bb3 Re1+ 30. Kd2 Re7 31. Re2 Rxe2+ 32. Kxe2 Re8+
33. Kd2 f6 34. Rf3 Ne4+ 35. Kd3 Ng5 36. Rg3 Ne4 37. Rg2 Ng5 38. h4 Nf3 39. Rg3
Nxh4 40. Bd5 b6 41. Kd2 Re7 42. Re3 Rxe3 43. Kxe3 Ng6 44. Ke4 Ne7 45. Bf7 Kc7
46. c4 Kd6 47. b3 Kc6 48. b4 a6 49. a4 Kd6 50. d5 1/2-1/2

[Event "Russian Championship G13 1st league 2016"]
[Site "Loo"]
[Date "2016.04.20"]
[Round "1.25"]
[White "Vorobieva, Varvara"]
[Black "Senkovskaya, Irina"]
[Result "1/2-1/2"]
[WhiteElo "1480"]
[BlackElo "1293"]
[PlyCount "90"]
[EventDate "2016.04.20"]

1. e4 e6 2. d4 d5 3. e5 c5 4. c3 Qb6 5. Nf3 Nc6 6. dxc5 Bxc5 7. Qc2 Nge7 8. b4
Bxb4 9. cxb4 Qxb4+ 10. Bd2 Qb6 11. Bc3 O-O 12. Bd3 h6 13. O-O Bd7 14. Qe2 a6
15. Nbd2 Qc7 16. Bd4 Nxd4 17. Nxd4 Qc3 18. N2f3 Nc6 19. Nxc6 Bxc6 20. Rfc1 Qa5
21. Nd4 Rfc8 22. Rab1 Qc7 23. Nxc6 bxc6 24. Bxa6 Rcb8 25. Bd3 Rxb1 26. Bxb1 Rb8
27. h3 Rb6 28. Bd3 c5 29. Bc2 Kh8 30. Qd3 g6 31. Qe3 Kg7 32. Bb3 c4 33. Bc2 Rb2
34. a4 Rb7 35. Qd4 Ra7 36. Rb1 Rb7 37. Rb5 Rxb5 38. axb5 Qb7 39. Qc5 Qb8 40. f4
Qb7 41. Qc6 Qa7+ 42. b6 Qa1+ 43. Kh2 Qc1 44. b7 Qxf4+ 45. Kg1 Qc1+ 1/2-1/2

[Event "Russian Championship G13 1st league 2016"]
[Site "Loo"]
[Date "2016.04.20"]
[Round "1.26"]
[White "Spiridonova, Maria"]
[Black "Belova, Ksenia"]
[Result "1/2-1/2"]
[WhiteElo "1275"]
[BlackElo "1474"]
[PlyCount "84"]
[EventDate "2016.04.20"]

1. e4 c5 2. c3 d5 3. exd5 Qxd5 4. d4 Nf6 5. Nf3 Nc6 6. h3 e6 7. Na3 cxd4 8. Nb5
Bd6 9. Bc4 Qe4+ 10. Be3 Bg3 11. fxg3 Qxe3+ 12. Qe2 Qxe2+ 13. Bxe2 O-O 14. Nbxd4
Nxd4 15. Nxd4 a6 16. Bf3 Rb8 17. O-O Bd7 18. Rad1 Ba4 19. b3 Bd7 20. Rf2 Rfc8
21. Rc2 Rd8 22. Rcd2 Rdc8 23. Rc2 e5 24. Ne2 Bf5 25. Rcd2 e4 26. Nd4 Bg6 27.
Be2 e3 28. Rb2 Rxc3 29. Bf3 Ne4 30. Kh2 Nf2 31. Re1 Rd3 32. Nc2 Rd2 33. Re2
Rbd8 34. Nxe3 Rxb2 35. Rxb2 Ne4 36. Re2 b5 37. b4 h6 38. Nf1 Nc3 39. Rb2 Na4
40. Rb3 Bc2 41. Re3 Rd4 42. a3 Rd6 1/2-1/2

[Event "Russian Championship G13 1st league 2016"]
[Site "Loo"]
[Date "2016.04.20"]
[Round "1.27"]
[White "Shubina, Ekaterina"]
[Black "Pripisnova, Aleksandra"]
[Result "1-0"]
[WhiteElo "1469"]
[BlackElo "1263"]
[PlyCount "59"]
[EventDate "2016.04.20"]

1. e4 e5 2. Nf3 Nf6 3. Nxe5 d6 4. Nf3 Nxe4 5. d3 Nf6 6. Nc3 Nc6 7. Bg5 Be7 8.
Qd2 Bg4 9. Be2 Qd7 10. h3 Bh5 11. O-O-O h6 12. Be3 O-O-O 13. d4 d5 14. g4 Bg6
15. Bb5 a6 16. Ba4 Kb8 17. Ne5 Qd6 18. Bxc6 bxc6 19. Qe2 Ne4 20. Nxe4 Bxe4 21.
Qxa6 Bxh1 22. Nxc6+ Qxc6 23. Qxc6 Bf3 24. Rd3 Rd6 25. Rb3+ Kc8 26. Qa8+ Kd7 27.
Qxh8 Rc6 28. Rb8 Be4 29. Qc8+ Kd6 30. Bf4# 1-0

[Event "Russian Championship G13 1st league 2016"]
[Site "Loo"]
[Date "2016.04.20"]
[Round "1.28"]
[White "Baneva, Darina"]
[Black "Volkova, Alina"]
[Result "1/2-1/2"]
[WhiteElo "1255"]
[BlackElo "1469"]
[PlyCount "76"]
[EventDate "2016.04.20"]

1. e4 e6 2. Qe2 d5 3. exd5 Qxd5 4. Nc3 Qd8 5. Nf3 Nf6 6. g3 Be7 7. Bg2 c5 8. d3
O-O 9. O-O Nc6 10. h3 Nd5 11. Ne4 e5 12. g4 Nd4 13. Nxd4 exd4 14. a3 Re8 15.
Qf3 Nf6 16. Re1 Nxe4 17. Qxe4 h6 18. Bd2 Be6 19. Qxb7 Rb8 20. Qxa7 Rxb2 21. Bc6
Qb8 22. Qxb8 Rexb8 23. Rec1 R8b6 24. Be4 Ra6 25. f4 Ba2 26. Bb7 Ra7 27. Be4 g6
28. f5 g5 29. Bc6 f6 30. a4 Bd8 31. Bb5 Ba5 32. Bxa5 Rxa5 33. Bc6 Ra7 34. Kf1
Kf8 35. Kg1 Kg7 36. Kf1 Kf8 37. Kg1 Kg8 38. Kf1 Kf8 1/2-1/2

[Event "Russian Championship G13 1st league 2016"]
[Site "Loo"]
[Date "2016.04.20"]
[Round "1.29"]
[White "Ivanova, Anastasia"]
[Black "Tolstykh, Arina"]
[Result "0-1"]
[WhiteElo "1460"]
[BlackElo "1254"]
[PlyCount "76"]
[EventDate "2016.04.20"]

1. Nf3 c5 2. c4 Nc6 3. g3 e6 4. Nc3 g6 5. Bg2 Bg7 6. O-O Nge7 7. d3 O-O 8. Ne4
d6 9. Rb1 a5 10. Bf4 e5 11. Bg5 f6 12. Bd2 f5 13. Nc3 Nd4 14. Ng5 Rb8 15. e3
Ne6 16. Nxe6 Bxe6 17. Nb5 b6 18. Qe2 d5 19. b3 Bd7 20. Nc3 d4 21. exd4 cxd4 22.
Nd5 Nxd5 23. Bxd5+ Kh8 24. f4 Re8 25. Qf3 Bh6 26. Bc1 exf4 27. Bxf4 Bxf4 28.
Qxf4 Qf6 29. Rbe1 Rbc8 30. Qf2 Rxe1 31. Rxe1 Re8 32. Rxe8+ Bxe8 33. Qf4 g5 34.
Qb8 Qe7 35. Bc6 Qe1+ 36. Kg2 Qe2+ 37. Kh3 g4+ 38. Kh4 Qe7# 0-1

[Event "Russian Championship G13 1st league 2016"]
[Site "Loo"]
[Date "2016.04.20"]
[Round "1.30"]
[White "Kulagina, Karina"]
[Black "Emelyanenko, Marina"]
[Result "0-1"]
[WhiteElo "1244"]
[BlackElo "1451"]
[PlyCount "66"]
[EventDate "2016.04.20"]

1. e4 e5 2. Nf3 Nc6 3. Bc4 Nf6 4. Ng5 d5 5. exd5 Na5 6. Bb5+ c6 7. dxc6 bxc6 8.
Be2 h6 9. Nf3 e4 10. Ne5 Qd4 11. f4 Bc5 12. Rf1 Bb6 13. Nc3 O-O 14. d3 e3 15.
Rf3 Bb7 16. Bxe3 Qb4 17. Qc1 Bxe3 18. Rxe3 Qxf4 19. Nf3 Qg4 20. g3 Qh3 21. Bf1
Qh5 22. Qd2 c5 23. Be2 Ng4 24. Re7 Rae8 25. Rxe8 Rxe8 26. O-O-O Ne3 27. Rg1
Bxf3 28. Bxf3 Qxf3 29. Ne4 Nf1 30. Qxa5 Qe3+ 31. Kb1 Qxg1 32. a3 Nd2+ 33. Ka2
Qb1# 0-1

[Event "Russian Championship G13 1st league 2016"]
[Site "Loo"]
[Date "2016.04.20"]
[Round "1.31"]
[White "Artiukhova, Elizaveta"]
[Black "Makarenko, Elizaveta"]
[Result "1/2-1/2"]
[WhiteElo "1443"]
[BlackElo "1226"]
[PlyCount "100"]
[EventDate "2016.04.20"]

1. d4 Nf6 2. c4 e6 3. Nc3 d5 4. cxd5 exd5 5. a3 Bf5 6. Bf4 c6 7. e3 Bd6 8. Bg3
Bc7 9. Nf3 Nbd7 10. Bd3 Bg6 11. Qc2 O-O 12. Bxg6 fxg6 13. Bxc7 Qxc7 14. h3 Rae8
15. O-O Qd6 16. Rfe1 b6 17. b4 Rc8 18. Rec1 a6 19. Qa4 Ra8 20. Qb3 Kh8 21. Ra2
Rfb8 22. Rac2 c5 23. bxc5 bxc5 24. Qa2 Rc8 25. dxc5 Rxc5 26. Ng5 Rf8 27. Qb3 h6
28. Nf3 Rb8 29. Qa2 Nb6 30. Nd2 Re8 31. a4 Qc7 32. Nxd5 Rxc2 33. Rxc2 Qd6 34.
Nxb6 Qxb6 35. a5 Qb4 36. Rb2 Qc3 37. Rb6 Rd8 38. Nf3 Rd1+ 39. Kh2 Qc1 40. Qb2
Rh1+ 41. Kg3 Qc7+ 42. Qe5 Nh5+ 43. Kg4 Qd7+ 44. Qe6 Nf6+ 45. Kg3 Nh5+ 46. Kg4
Nf6+ 47. Kg3 Nh5+ 48. Kg4 Nf6+ 49. Kg3 Nh5+ 50. Kg4 Nf6+ 1/2-1/2

[Event "Russian Championship G13 1st league 2016"]
[Site "Loo"]
[Date "2016.04.20"]
[Round "1.32"]
[White "Taranenko, Polina"]
[Black "Sych, Alina"]
[Result "1-0"]
[WhiteElo "1226"]
[BlackElo "1442"]
[PlyCount "147"]
[EventDate "2016.04.20"]

1. d4 d5 2. c4 e6 3. Nc3 Be7 4. e3 Nf6 5. Nf3 O-O 6. Bd3 dxc4 7. Bxc4 Nbd7 8.
O-O b6 9. b3 Bb7 10. Bb2 Ne4 11. Qc2 f5 12. Bd3 Nd6 13. Nd2 e5 14. Nc4 e4 15.
Nxd6 cxd6 16. Bc4+ Kh8 17. Bd5 Bxd5 18. Nxd5 Rc8 19. Qe2 Nf6 20. Nxf6 Bxf6 21.
f3 d5 22. Rac1 Rxc1 23. Rxc1 Qe7 24. Rf1 Re8 25. Qb5 Rd8 26. Bc3 exf3 27. Rxf3
Qe4 28. Qa6 Qb1+ 29. Rf1 Qc2 30. Be1 Bg5 31. Bf2 Qc7 32. Kh1 Qe7 33. Re1 h6 34.
Qd3 Qe4 35. Qxe4 fxe4 36. h3 Rc8 37. Re2 a5 38. Bg3 Rc3 39. Bf2 h5 40. h4 Bh6
41. Kh2 b5 42. Re1 Rc2 43. Bg1 Rxa2 44. Rc1 Rd2 45. Rc5 b4 46. Rxa5 Rd3 47.
Rxd5 Rxb3 48. Rxh5 Rd3 49. Rb5 b3 50. d5 Bxe3 51. Bxe3 Rxe3 52. d6 Rd3 53. d7
e3 54. d8=Q+ Rxd8 55. Rxb3 e2 56. Re3 Rd2 57. Kg1 Rd1+ 58. Kf2 Rh1 59. g3 e1=Q+
60. Rxe1 Rxe1 61. Kxe1 Kh7 62. Kf2 Kh6 63. Kf3 g5 64. Kg4 gxh4 65. Kxh4 Kg6 66.
Kg4 Kf6 67. Kh5 Kf7 68. Kg5 Kg7 69. g4 Kg8 70. Kg6 Kh8 71. g5 Kg8 72. Kh6 Kh8
73. g6 Kg8 74. g7 1-0

[Event "Russian Championship G13 1st league 2016"]
[Site "Loo"]
[Date "2016.04.20"]
[Round "1.33"]
[White "Semenova, Daria"]
[Black "Ustinovitch, Angelina"]
[Result "1-0"]
[WhiteElo "1441"]
[BlackElo "1206"]
[PlyCount "51"]
[EventDate "2016.04.20"]

1. d4 Nf6 2. Nc3 g6 3. Bg5 Bg7 4. e4 d6 5. e5 dxe5 6. dxe5 Qxd1+ 7. Rxd1 Nfd7
8. Nd5 O-O 9. Nxc7 Bxe5 10. Nxa8 Nc6 11. c3 Nc5 12. Nf3 Bd6 13. Be2 Be6 14.
Rxd6 exd6 15. Nc7 Bxa2 16. Nb5 d5 17. O-O Re8 18. Nbd4 Nxd4 19. Nxd4 Na4 20.
Bb5 Re5 21. f4 Re4 22. Bxa4 Bc4 23. Ra1 a6 24. Bc2 Re8 25. Bh4 Be2 26. Re1 1-0

[Event "Russian Championship G13 1st league 2016"]
[Site "Loo"]
[Date "2016.04.20"]
[Round "1.34"]
[White "Tokmakova, Ulyana"]
[Black "Tarielashvili, Diana"]
[Result "1/2-1/2"]
[WhiteElo "1175"]
[BlackElo "1441"]
[PlyCount "148"]
[EventDate "2016.04.20"]

1. Nf3 Nf6 2. b3 e6 3. Bb2 c5 4. e3 d5 5. Bb5+ Bd7 6. Bxd7+ Nbxd7 7. d3 Bd6 8.
Nbd2 Nb6 9. Qe2 Qe7 10. Rd1 O-O 11. O-O Nbd7 12. e4 dxe4 13. dxe4 Bc7 14. Nc4
Rad8 15. e5 Nd5 16. Nd6 Bxd6 17. exd6 Qxd6 18. c4 Nf4 19. Qe3 Qc7 20. Ne5 Ng6
21. Nxd7 Rxd7 22. Rxd7 Qxd7 23. Qxc5 a6 24. Qe3 Rd8 25. Bc3 Qd3 26. Re1 Qxe3
27. Rxe3 Rd1+ 28. Re1 Rxe1+ 29. Bxe1 Nf4 30. Bd2 Nd3 31. Kf1 Kf8 32. Ke2 Ne5
33. h3 g6 34. Bb4+ Ke8 35. Ke3 Nc6 36. Bc3 Ne7 37. g4 Ng8 38. f4 Ne7 39. h4 Kd7
40. Kd4 Nc6+ 41. Ke4 Ne7 42. Bf6 Nc6 43. f5 Nb4 44. a4 Nc6 45. Bb2 Na5 46. Ke5
Nxb3 47. Kf6 exf5 48. gxf5 gxf5 49. Kxf5 Ke7 50. Ba3+ Ke8 51. Kf6 Nd2 52. Kg7
h5 53. Kh6 Nf3 54. Kxh5 f5 55. Bc5 Kd7 56. Bf2 Kc6 57. Kg6 Nxh4+ 58. Bxh4 b5
59. cxb5+ axb5 60. a5 Kb7 61. Kxf5 b4 62. Ke4 b3 63. Kd3 b2 64. Kc2 b1=Q+ 65.
Kxb1 Ka6 66. Be1 Kb5 67. Kb2 Ka6 68. Kc3 Kb5 69. Kd4 Kc6 70. Ke5 Kb5 71. Kd6
Ka6 72. Kc6 Ka7 73. Kc7 Ka8 74. Kb6 Kb8 1/2-1/2

[Event "Russian Championship G13 1st league 2016"]
[Site "Loo"]
[Date "2016.04.20"]
[Round "1.35"]
[White "Pichnenko, Nina"]
[Black "Shadrukhina, Yuliya"]
[Result "1-0"]
[WhiteElo "1439"]
[BlackElo "1086"]
[PlyCount "125"]
[EventDate "2016.04.20"]

1. e4 d5 2. exd5 Qxd5 3. Nf3 Nf6 4. Nc3 Qa5 5. Bc4 Bg4 6. d3 Nc6 7. Be3 e6 8.
h3 Bh5 9. a3 Bxf3 10. Qxf3 Qf5 11. Qxf5 exf5 12. Nb5 Bd6 13. Nxd6+ cxd6 14. O-O
O-O 15. Rfe1 Rac8 16. Bb5 a6 17. Bc4 Na5 18. Bb3 Nxb3 19. cxb3 Rc2 20. Bd4 Re8
21. Rxe8+ Nxe8 22. Re1 Nc7 23. Bc3 Kf8 24. Bb4 Ne8 25. Bc3 f6 26. Kf1 Kf7 27.
f3 Nc7 28. Re2 Rc1+ 29. Re1 Rc2 30. Re2 Rc1+ 31. Kf2 Nd5 32. Bd4 Nf4 33. Rd2
Rh1 34. Rc2 Rh2 35. Kg3 Rh1 36. Kxf4 Rd1 37. Rc7+ Kg6 38. Rxb7 Rxd3 39. Bc3 d5
40. Ra7 d4 41. Rd7 Re3 42. Rxd4 Re5 43. Ra4 Re2 44. Rxa6 Rxg2 45. b4 Rh2 46.
Kg3 Re2 47. b5 Kg5 48. h4+ Kh5 49. b6 g5 50. hxg5 fxg5 51. f4 g4 52. Bd4 h6 53.
Bf2 Rxb2 54. a4 Rxb6 55. Ra5 Rf6 56. Bd4 Rf7 57. Ra8 Rb7 58. Bc3 Rb3 59. Rc8
Kg6 60. a5 Ra3 61. Rc6+ Kh5 62. Kg2 Kh4 63. Rxh6# 1-0

[Event "Russian Championship G13 1st league 2016"]
[Site "Loo"]
[Date "2016.04.20"]
[Round "1.36"]
[White "Belozerova, Olga"]
[Black "Shamsutdinova, Karina"]
[Result "0-1"]
[WhiteElo "1057"]
[BlackElo "1437"]
[PlyCount "120"]
[EventDate "2016.04.20"]

1. d4 Nf6 2. Nf3 g6 3. g3 Bg7 4. Bg2 O-O 5. O-O d6 6. c4 Nbd7 7. Nc3 Re8 8. e3
e5 9. dxe5 Nxe5 10. Nxe5 Rxe5 11. b3 Re8 12. Bb2 Rb8 13. Qc2 c6 14. Rad1 Qc7
15. Ba3 Rd8 16. Qd3 Ne8 17. Ne4 Bf5 18. Qd2 Bxe4 19. Bxe4 Rd7 20. c5 Rbd8 21.
cxd6 Nxd6 22. Bxd6 Rxd6 23. Qc2 Qd7 24. Rxd6 Qxd6 25. Bf3 Qd2 26. Qxd2 Rxd2 27.
a4 Rb2 28. Bd1 b5 29. axb5 cxb5 30. f4 Rd2 31. Bf3 Rd3 32. Kf2 Rxb3 33. Bd5 Rc3
34. Rb1 Rc5 35. Bb7 a5 36. Ba6 b4 37. Ke2 Rc2+ 38. Kd3 Rxh2 39. g4 h6 40. g5
hxg5 41. fxg5 Rg2 42. Rf1 Rxg5 43. Bc4 Rf5 44. Rxf5 gxf5 45. Kc2 a4 46. Bd3 b3+
47. Kb1 a3 48. Bxf5 a2+ 49. Kc1 a1=Q+ 50. Kd2 b2 51. Kd3 b1=R 52. Kc4 Qc3+ 53.
Kd5 Rd1+ 54. Ke4 Re1 55. Kd5 Qxe3 56. Kd6 Rd1+ 57. Bd3 Rxd3+ 58. Kc7 Qc5+ 59.
Kb8 Rb3+ 60. Ka8 Qa5# 0-1

[Event "Russian Championship G13 2016"]
[Site "Loo"]
[Date "2016.04.20"]
[Round "1.1"]
[White "Nasyrova, Ekaterina"]
[Black "Vostrikova, Stanislava"]
[Result "1-0"]
[WhiteElo "2060"]
[BlackElo "1581"]
[PlyCount "119"]
[EventDate "2016.04.20"]

1. d4 Nf6 2. c4 e6 3. Nc3 Bb4 4. Bg5 c5 5. d5 h6 6. Bh4 O-O 7. e3 b5 8. cxb5 a6
9. Nf3 exd5 10. a4 Re8 11. Be2 Bb7 12. O-O Bxc3 13. bxc3 d6 14. Qc2 c4 15. Rfd1
Nbd7 16. Nd4 Ne5 17. h3 Ng6 18. Bg3 Ne4 19. Bh2 Qa5 20. Rdc1 Ne5 21. Bf1 Nc5
22. Rcb1 Ne4 23. Rb4 axb5 24. Nxb5 Bc6 25. Rab1 Bxb5 26. axb5 Qb6 27. Qb2 Nc5
28. Qc2 Nb3 29. Rd1 Qb7 30. e4 Nd7 31. exd5 Nbc5 32. Bxd6 Ne4 33. Bh2 Ra3 34.
Rxc4 Nef6 35. Rcd4 Rc8 36. Rc4 Rxc4 37. Bxc4 Nb6 38. Bb3 g6 39. c4 Nbd7 40. Qb2
Ra8 41. Ra1 Rxa1+ 42. Qxa1 Ne4 43. Qa6 Nec5 44. Qxb7 Nxb7 45. Kf1 Kf8 46. Bc7
Ke7 47. b6 Ndc5 48. Bd1 Na6 49. Ba4 Nac5 50. Bc6 f5 51. Ke2 g5 52. Ke3 f4+ 53.
Kd4 h5 54. d6+ Nxd6 55. Kxc5 f3 56. Bxf3 g4 57. Bxd6+ Kd7 58. Bc6+ Kc8 59. b7+
Kd8 60. b8=Q# 1-0

[Event "Russian Championship G13 2016"]
[Site "Loo"]
[Date "2016.04.20"]
[Round "1.2"]
[White "Plekhanova, Ekaterina"]
[Black "Garifullina, Leya"]
[Result "0-1"]
[WhiteElo "1572"]
[BlackElo "1897"]
[PlyCount "76"]
[EventDate "2016.04.20"]

1. e4 e6 2. d4 d5 3. exd5 exd5 4. Nf3 Bd6 5. c4 Nf6 6. Nc3 dxc4 7. Bxc4 O-O 8.
O-O Nbd7 9. Bg5 Nb6 10. Bb3 h6 11. Bh4 Re8 12. Qd3 Be6 13. d5 Bg4 14. Bc2 Nbd7
15. Ne4 g6 16. Qd4 g5 17. Bg3 Nxe4 18. Bxe4 Qf6 19. Qxf6 Nxf6 20. Bc2 Bxf3 21.
gxf3 Bxg3 22. fxg3 Nxd5 23. Rfe1 Nf6 24. Rxe8+ Rxe8 25. Rc1 c6 26. Bf5 Rd8 27.
Re1 Kf8 28. Re3 Rd1+ 29. Kg2 Rd2+ 30. Kh3 Rxb2 31. Ra3 a6 32. Bc8 Ne8 33. Bg4
Rd2 34. Rb3 Nd6 35. a3 c5 36. Rc3 c4 37. Rc1 b5 38. Rc3 Rd3 0-1

[Event "Russian Championship G13 2016"]
[Site "Loo"]
[Date "2016.04.20"]
[Round "1.3"]
[White "Baiburina, Kamilla"]
[Black "Nur-Mukhametova, Alisa"]
[Result "1/2-1/2"]
[WhiteElo "1841"]
[BlackElo "1570"]
[PlyCount "178"]
[EventDate "2016.04.20"]

1. e4 c5 2. Nf3 d6 3. c3 Nf6 4. Be2 Nc6 5. d4 cxd4 6. cxd4 e6 7. Nc3 Be7 8. O-O
O-O 9. d5 exd5 10. exd5 Ne5 11. Nxe5 dxe5 12. Be3 a6 13. a4 Bb4 14. Bc4 Bf5 15.
Qb3 Qd6 16. a5 Bc5 17. Bxc5 Qxc5 18. Na4 Qc7 19. Rfd1 Rad8 20. Nb6 Ne4 21. Rac1
Qc5 22. Qf3 Bg4 23. Qxe4 Bxd1 24. Rxd1 Qxa5 25. Qe3 Rd6 26. Na8 Rxa8 27. Qxe5
Rad8 28. Re1 g6 29. Qe7 b5 30. Bb3 Qb4 31. Qe3 a5 32. Re2 Rc8 33. h3 Qc5 34.
Rc2 Qxc2 35. Bxc2 Rxc2 36. Qe8+ Kg7 37. Qe5+ Rf6 38. f4 h6 39. Qd4 Rc4 40. Qe5
Rcxf4 41. d6 Rf1+ 42. Kh2 Rd1 43. h4 Rdxd6 44. Qxb5 Rf5 45. Qe2 Rdf6 46. Qd2
Rf2 47. Qxa5 Rxb2 48. Qe5 Rbb6 49. Qd4 Rbd6 50. Qe5 Rde6 51. Qd4 Re2 52. Kh3
Ref2 53. Kg3 Kh7 54. Kh3 R6f4 55. Qe3 h5 56. Qg3 Rf1 57. Qb3 Rg4 58. g3 Rf2 59.
Qd5 Rf5 60. Qg2 Rb5 61. Qf3 Rf5 62. Qg2 g5 63. Qc2 Kg6 64. Qd3 gxh4 65. gxh4
Rgf4 66. Qd6+ Rf6 67. Qe5 Rf3+ 68. Kg2 R6f5 69. Qd6+ Kh7 70. Qe7 Rf2+ 71. Kg1
R2f4 72. Kg2 Rg4+ 73. Kh3 Rff4 74. Qe5 Rxh4+ 75. Kg2 Rhg4+ 76. Kh3 Kg6 77. Qd6+
Rf6 78. Qd3+ Kg7 79. Qc3 Rgf4 80. Qg3+ Kh6 81. Qe3 h4 82. Qd2 Kh5 83. Qd5+ R6f5
84. Qd8 Rf3+ 85. Kg2 Rg3+ 86. Kh2 Rf2+ 87. Kh1 Kg4 88. Qxh4+ Kf3 89. Qe4+ Kxe4
1/2-1/2

[Event "Russian Championship G13 2016"]
[Site "Loo"]
[Date "2016.04.20"]
[Round "1.4"]
[White "Gibadullina, Rajana"]
[Black "Loskutova, Viktoriya"]
[Result "1-0"]
[WhiteElo "1569"]
[BlackElo "1820"]
[PlyCount "45"]
[EventDate "2016.04.20"]

1. e4 c5 2. Nc3 g6 3. Bc4 Bg7 4. d3 Nc6 5. f4 d6 6. Nf3 Nf6 7. O-O a6 8. a4 O-O
9. Qe1 Bd7 10. Qh4 e6 11. f5 Ne8 12. Bg5 Bf6 13. g4 Nd4 14. Bxf6 Nxf3+ 15. Rxf3
Qxf6 16. Qg3 Qd4+ 17. Kh1 Nf6 18. Raf1 exf5 19. gxf5 Kg7 20. Qg5 h6 21. Qg2 g5
22. Rg1 Kh7 23. Rh3 1-0

[Event "Russian Championship G13 2016"]
[Site "Loo"]
[Date "2016.04.20"]
[Round "1.5"]
[White "Kutyanina, Mariya"]
[Black "Kirchei, Viktoriia"]
[Result "1-0"]
[WhiteElo "1809"]
[BlackElo "1569"]
[PlyCount "99"]
[EventDate "2016.04.20"]

1. e4 Nf6 2. e5 Nd5 3. d4 d6 4. Nf3 g6 5. Bc4 Nb6 6. Bb3 Bg7 7. a4 a5 8. Qe2
Nc6 9. O-O h6 10. h3 d5 11. Be3 O-O 12. Qd2 Kh7 13. Nc3 f6 14. exf6 exf6 15.
Bf4 f5 16. Nb5 Rf7 17. Rfe1 Nb4 18. Re2 Na6 19. Rae1 Bd7 20. Qxa5 Nc5 21. Qb4
Bxb5 22. Qxb5 Nxb3 23. cxb3 c6 24. Qb4 Bf8 25. Qd2 Bg7 26. Re6 Nd7 27. Qb4 Nf6
28. Ne5 Rc7 29. Nxg6 Kxg6 30. Bxc7 Qxc7 31. Re7 Bf8 32. Qxb7 Qxb7 33. Rxb7 Ne4
34. f3 Nd6 35. Re6+ Kg5 36. g3 Rd8 37. h4+ Kh5 38. Rb6 Bg7 39. Rxc6 Bxd4+ 40.
Kg2 Nf7 41. Kh3 Rg8 42. Rc7 Nd8 43. Rc8 Nxe6 44. Rxg8 Ng7 45. Rd8 Bf6 46. Rxd5
Kg6 47. a5 Bxb2 48. a6 Ne6 49. Rd6 Kf7 50. Rxe6 1-0

[Event "Russian Championship G13 2016"]
[Site "Loo"]
[Date "2016.04.20"]
[Round "1.6"]
[White "Markova, Anna"]
[Black "Sumarokova, Alina"]
[Result "0-1"]
[WhiteElo "1567"]
[BlackElo "1780"]
[PlyCount "102"]
[EventDate "2016.04.20"]

1. c4 e5 2. Nc3 Nf6 3. g3 Bc5 4. e3 Nc6 5. Bg2 a6 6. Nge2 O-O 7. O-O d6 8. a3
Ne7 9. d4 Ba7 10. b4 c6 11. Bb2 Be6 12. c5 exd4 13. exd4 dxc5 14. dxc5 Qxd1 15.
Raxd1 Bb3 16. Rd4 Rad8 17. Rxd8 Rxd8 18. Nf4 Kf8 19. Ne4 Nxe4 20. Bxe4 f5 21.
Bc2 Bc4 22. Rc1 Bf7 23. Be5 Bb8 24. Bxb8 Rxb8 25. Rd1 Ke8 26. Re1 g6 27. Nh3 h6
28. Nf4 Kf8 29. Ne6+ Kg8 30. Nf4 Re8 31. Ba4 g5 32. Nd3 Ng6 33. Rxe8+ Bxe8 34.
Kf1 Kg7 35. Ke2 Bf7 36. Ke3 Kf6 37. Kd4 Nf8 38. Ne5 Ne6+ 39. Ke3 Kxe5 40. Bb3
f4+ 41. Kd2 Bg6 42. g4 Nd4 43. Bd1 Nb5 44. a4 Nc7 45. Kc3 Nd5+ 46. Kb3 Kd4 47.
Be2 Bd3 48. Bf3 Bc4+ 49. Ka3 Kc3 50. Bd1 Nxb4 51. h3 Nc2+ 0-1

[Event "Russian Championship G13 2016"]
[Site "Loo"]
[Date "2016.04.20"]
[Round "1.7"]
[White "Davydova, Kira"]
[Black "Rybakova, Anastasiya"]
[Result "1-0"]
[WhiteElo "1762"]
[BlackElo "1562"]
[PlyCount "49"]
[EventDate "2016.04.20"]

1. d4 e6 2. Nf3 d5 3. c4 c6 4. g3 dxc4 5. Bg2 Nd7 6. a4 Bd6 7. Qc2 Qa5+ 8. Nfd2
Ne7 9. Qxc4 b5 10. Qc2 Bb7 11. O-O a6 12. Ne4 Qc7 13. Rd1 O-O 14. Nxd6 Qxd6 15.
Bf4 Qb4 16. Nc3 Rfc8 17. Ne4 Nf5 18. Qd2 Qxd2 19. Rxd2 c5 20. Nf6+ Nxf6 21.
Bxb7 Nxd4 22. Bxa8 Rxa8 23. axb5 a5 24. b6 Ne4 25. Rxd4 1-0

[Event "Russian Championship G13 2016"]
[Site "Loo"]
[Date "2016.04.20"]
[Round "1.8"]
[White "Bandurina, Sofiya"]
[Black "Ershova, Sofya"]
[Result "1-0"]
[WhiteElo "1558"]
[BlackElo "1762"]
[PlyCount "77"]
[EventDate "2016.04.20"]

1. e4 e5 2. Nf3 Nc6 3. Bc4 Nf6 4. d3 Bc5 5. O-O d6 6. c3 a6 7. Bb3 Bg4 8. Nbd2
O-O 9. h3 Be6 10. Bc2 d5 11. exd5 Nxd5 12. Ne4 Bb6 13. Re1 Nf6 14. Bg5 Qe7 15.
Nxf6+ gxf6 16. Bh6 Rfe8 17. Ba4 Rad8 18. Nh2 Bf5 19. Qf3 Bg6 20. d4 e4 21. Qf4
Rd5 22. Ng4 Rf5 23. Qg3 Rh5 24. Bf4 Rd5 25. Qh4 Kh8 26. Qxf6+ Qxf6 27. Nxf6 Rf5
28. Nxe8 Rxf4 29. Re2 Kg8 30. d5 Ne5 31. d6 cxd6 32. Nxd6 e3 33. Bc2 exf2+ 34.
Kf1 Bxc2 35. Rxc2 Kf8 36. c4 Be3 37. Re2 Bd4 38. Rd1 Nc6 39. Ne4 1-0

[Event "Russian Championship G13 2016"]
[Site "Loo"]
[Date "2016.04.20"]
[Round "1.9"]
[White "Murzina, Agata"]
[Black "Komendrovskaya, Olga"]
[Result "1-0"]
[WhiteElo "1752"]
[BlackElo "1557"]
[PlyCount "69"]
[EventDate "2016.04.20"]

1. e4 c5 2. Nf3 e6 3. c4 Nc6 4. d4 cxd4 5. Nxd4 Bb4+ 6. Nc3 Nge7 7. Ndb5 O-O 8.
Be2 a6 9. Na3 Bxa3 10. bxa3 Qc7 11. O-O Ng6 12. Be3 d6 13. Rb1 Nce5 14. Qb3 Nd7
15. Rfd1 Qc6 16. Qb4 Nc5 17. Rxd6 Qxd6 18. Bxc5 Qe5 19. Bxf8 Nxf8 20. Rd1 Nd7
21. Na4 g6 22. Nb6 Nxb6 23. Rd8+ Kg7 24. Qf8+ Kf6 25. Qh8+ Ke7 26. Qxe5 Kxd8
27. Qa5 Kd7 28. Qxb6 a5 29. c5 Ra6 30. Bxa6 bxa6 31. e5 Ke8 32. Qc7 Bd7 33. c6
Ke7 34. cxd7 h5 35. d8=R# 1-0

[Event "Russian Championship G13 2016"]
[Site "Loo"]
[Date "2016.04.20"]
[Round "1.10"]
[White "Lintsova, Liliya"]
[Black "Stepanyan, Eva"]
[Result "0-1"]
[WhiteElo "1557"]
[BlackElo "1737"]
[PlyCount "98"]
[EventDate "2016.04.20"]

1. c4 Nf6 2. Nc3 c5 3. g3 Nc6 4. Bg2 e6 5. e3 d5 6. cxd5 exd5 7. d4 cxd4 8.
exd4 Bb4 9. Nge2 h6 10. O-O O-O 11. a3 Bxc3 12. Nxc3 Bg4 13. Qd3 Qd7 14. Re1
Rfe8 15. Be3 Bh3 16. Rac1 Rac8 17. Na4 Bxg2 18. Kxg2 Nb4 19. Qb3 Nd3 20. Qxd3
Qxa4 21. Qd1 Qb5 22. Rc2 Rc4 23. Qd3 Qc6 24. Rc3 Ne4 25. Rb3 Qd7 26. Rc1 Rec8
27. Re1 a5 28. f3 Nd6 29. Bd2 Nf5 30. Bc3 R8c7 31. Re5 g6 32. g4 a4 33. Rb6 Ne7
34. Qe2 Nc6 35. Re8+ Kg7 36. Qe3 Kh7 37. Bd2 g5 38. h4 Rxd4 39. hxg5 Rxd2+ 40.
Qxd2 Qxe8 41. gxh6 Re7 42. Qxd5 Re2+ 43. Kh3 Re5 44. Qd2 Re3 45. Rxb7 Rxf3+ 46.
Kg2 Rf6 47. Qd3+ Rg6 48. g5 Qe6 49. Rd7 Ne5 0-1